000 00480nam a22001817a 4500
003 OSt
005 20180116183016.0
008 150918b xxu||||| |||| 00| 0 eng d
020 _a9788182053380
040 _c0
082 _a647.068 TAL 2006
100 _aPrakash Talwar
245 _aHotel and Hospitality Management
_bHouse keeping
_cPrakash Talwar
300 _a249 P.
_bHB
440 _aHotel and Hospitality Management
600 _aPrakash Talwar
942 _2ddc
_cBK
999 _c350376
_d350376